Zborník Pedagogickej fakulty UK v Trnave Spoločenské vedy. História 6., Ondrej Stojka

Bibliographic Details
Format: Book
Language:Slovak
PhysicalDescription:168 s., 11,24 AH Tb. 23 cm
Published: Bratislava Slovenské pedagogické nakladateľstvo 1978
Edition:1. vyd.

MARC

LEADER 00000nam a2200000 a 4500
001 vtls001113193
003 SK-MaSNL
005 20260302051213.0
008 250414s1978 xo 0 slo
015 |a SNBA1978 
035 |a SNK000056036 
040 |a SNK  |b slo  |c SNK  |e AACR2 
041 0 |a slo 
044 |a xo  |c SK 
080 |a 93/99(08)  |2 1981 
080 |a 372.893/.899(08)  |2 1981 
245 0 0 |a Zborník Pedagogickej fakulty UK v Trnave  |b Spoločenské vedy. História 6., Ondrej Stojka 
250 |a 1. vyd. 
260 |a Bratislava  |b Slovenské pedagogické nakladateľstvo  |c 1978  |e Nitra  |f Nitrianske tlačiarne 
300 |a 168 s., 11,24 AH  |b Tb.  |c 23 cm 
366 |e 245 výtl. 
500 |a Lit. 151. Zozn. skr. Rus. a nem. res. Náz. na ob. a v tir.: Universitas Comeniana Facultas paedagogica Tyrnaviensis. 
700 1 |a Stojka, Ondrej,  |d 1916-2000  |4 oth  |9 110540 
852 |a Slovenská národná knižnica 
954 |a dejiny  |a dejepis 
958 |a OND 
958 |a NB 
958 |a TL 
999 |c 1100322  |d 1102252 
952 |a SNK  |b SNK  |y PREZ  |7 0  |p 17A1052258  |o snkČSC 2462/6/1978 D1  |i snkKSP 4475/78  |0 0  |1 0  |4 0  |d 2013-05-06  |l 0  |r 2026-02-24 17:28:08  |w 2026-02-24